00794nam a2200241Ia 4500003000400000005001700004008004100021020001800062040000700080041000800087082001600095100005600111245004500167260003800212300001600250365001400266650002200280650003500302906004800337942001200385999001900397952013600416OSt20230517162700.0210423s2015 xx 000 0 und d a9789350302132 cAL aeng a547.59 GAUR aGAUTAM (D C);GAUTAM (Naveen);GAUTAM (Vibha)9107280 aRecent advances in heterocylic chemistry aJaipurbOxford Book Companyc2015 axii,230bHB b1895cINR aChemistry9107281 aHeterocyclic Chemistry9107282 aadvances ; chemistry ; heterocylic ; Recent 2ddccBK c167650d167650 001040708GCaSACPGbSACPGd2016-04-29eKiran Book Centreg1895.00l0o547.59 GAURpPG014151r2022-08-24 00:00:00w2021-04-26yBK